<?xml version="1.0" encoding="UTF-8"?>
<record
    xmlns:xsi="http://www.w3.org/2001/XMLSchema-instance"
    xsi:schemaLocation="http://www.loc.gov/MARC21/slim http://www.loc.gov/standards/marcxml/schema/MARC21slim.xsd"
    xmlns="http://www.loc.gov/MARC21/slim">

  <leader>04657nam a2200445Ii 4500</leader>
  <controlfield tag="001">DIGDEU0127</controlfield>
  <controlfield tag="003">NyNyDIG</controlfield>
  <controlfield tag="008">141201s2012    sp      ob    100 0 spa d</controlfield>
  <controlfield tag="006">m     o  d        </controlfield>
  <controlfield tag="007">cr |||||||||||</controlfield>
  <datafield tag="035" ind1=" " ind2=" ">
    <subfield code="a">(OCoLC)857077631</subfield>
  </datafield>
  <datafield tag="040" ind1=" " ind2=" ">
    <subfield code="a">DGITA</subfield>
    <subfield code="b">eng</subfield>
    <subfield code="e">rda</subfield>
    <subfield code="e">pn</subfield>
    <subfield code="c">DGITA</subfield>
  </datafield>
  <datafield tag="020" ind1=" " ind2=" ">
    <subfield code="a">9788498303377</subfield>
    <subfield code="q">(eBook)</subfield>
  </datafield>
  <datafield tag="020" ind1=" " ind2=" ">
    <subfield code="a">8498303370</subfield>
    <subfield code="q">(eBook)</subfield>
  </datafield>
  <datafield tag="050" ind1="1" ind2="4">
    <subfield code="a">KZ1268 eBook</subfield>
  </datafield>
  <datafield tag="245" ind1="0" ind2="0">
    <subfield code="a">Retos del derecho ante una econom&#xED;a sin fronteras /</subfield>
    <subfield code="c">Felipe G&#xF3;mez Isa, Ana I. Herr&#xE1;n y Alberto Atxabal (eds.).</subfield>
  </datafield>
  <datafield tag="264" ind1=" " ind2="1">
    <subfield code="a">Bilbao :</subfield>
    <subfield code="b">Universidad de Deusto,</subfield>
    <subfield code="c">2012.</subfield>
  </datafield>
  <datafield tag="300" ind1=" " ind2=" ">
    <subfield code="a">1 online resource (310 pages).</subfield>
  </datafield>
  <datafield tag="336" ind1=" " ind2=" ">
    <subfield code="a">text</subfield>
    <subfield code="b">txt</subfield>
    <subfield code="2">rdacontent</subfield>
  </datafield>
  <datafield tag="337" ind1=" " ind2=" ">
    <subfield code="a">computer</subfield>
    <subfield code="b">c</subfield>
    <subfield code="2">rdamedia</subfield>
  </datafield>
  <datafield tag="338" ind1=" " ind2=" ">
    <subfield code="a">online resource</subfield>
    <subfield code="b">cr</subfield>
    <subfield code="2">rdacarrier</subfield>
  </datafield>
  <datafield tag="490" ind1="1" ind2=" ">
    <subfield code="a">Serie Maior ;</subfield>
    <subfield code="v">5</subfield>
  </datafield>
  <datafield tag="500" ind1=" " ind2=" ">
    <subfield code="a">Ponencias del foro "Retos del Derecho en una econom&#xED;a sin fronteras", celebrado los d&#xED;as 18 y 19 de octubre de 2011.</subfield>
  </datafield>
  <datafield tag="500" ind1=" " ind2=" ">
    <subfield code="a">On cover: "Deusto Digital".</subfield>
  </datafield>
  <datafield tag="500" ind1=" " ind2=" ">
    <subfield code="a">On cover: "125 a&#xF1;os, 1886-2011".</subfield>
  </datafield>
  <datafield tag="500" ind1=" " ind2=" ">
    <subfield code="a">"Este libro se vende en formato Digital PDF e Impreso Bajo Demanda" (from publisher)</subfield>
  </datafield>
  <datafield tag="505" ind1="0" ind2=" ">
    <subfield code="a">Presentaci&#xF3;n / Jos&#xE9; Luis &#xC1;vila Orive -- La globalizacion de los Derechos Humanos. Un gran reto del siglo XXI / Jos&#xE9; Antonio Pastor Ridruejo -- Constituci&#xF3;n espa&#xF1;ola e integraci&#xF3;n europea / Francisco Rubio Llorente -- Retos del Derecho ante una banca y unos mercados financieros sin fronteras / Juan Carlos Ureta1 -- Un breve apunte sobre la globalizaci&#xF3;n jur&#xED;dica en el sector bancario: los cr&#xE9;ditos documentarios, la CCI y sus UCP 6001 / Carlos Llorente G&#xF3;mez de Segura -- La Orden Ministerial de transparencia y protecci&#xF3;n del cliente de servicios bancarios: un ejemplo del nuevo marco de confianza en el sistema financiero europeo / Laura G&#xF3;mez Urquijo -- Nueva perspectiva jur&#xED;dica de la protecci&#xF3;n de los consumidores de servicios financieros a distancia / Ana Isabel Herr&#xE1;n Ortiz -- Algunas reflexiones sobre la creciente litigiosidad bancaria en materia de inversiones / David Fern&#xE1;ndez de Retana Gorostizagoiza -- Consideraciones generales relacionadas con la actividad comercial y bancaria en el Derecho romano / Olga Marlasca Mart&#xED;nez -- Globalizaci&#xF3;n y proceso civil / Ainhoa Guti&#xE9;rrez Barrenengoa1 y Javier Larena Beldarrain -- La Econom&#xED;a Social en Espa&#xF1;a. La Ley 5/2011, de 29 de marzo / Marta Enciso Santocildes -- La articulaci&#xF3;n jur&#xED;dica del gobierno de la globalizaci&#xF3;n financiera / Luis Mar&#xED;a Cazorla Prieto -- Las fuentes de financiaci&#xF3;n del gobierno financiero global / Alberto Atxabal Rada -- Las fuentes de Derecho indirectas (soft law) en la regulaci&#xF3;n de los mercados globales y su impacto en la soberan&#xED;a de los Estado / Francisco Lled&#xF3; Yag&#xFC;e -- La constitucionalizaci&#xF3;n del principio de estabilidad presupuestaria: remiendos nacionales para rotos globales / Luis I. Gordillo P&#xE9;rez -- Retos del Derecho constitucional ante la globalizaci&#xF3;n econ&#xF3;mica: gobernanza y legitimidad democr&#xE1;tica / Santiago Larrazabal Basa&#xF1;ez -- Falsificaci&#xF3;n de medios de pago distintos del efectivo: necesidad y tensiones de una respuesta normativa global / Juan I. Echano Basald&#xFA;a -- La compra p&#xFA;blica innovadora en el contexto de una econom&#xED;a global / Vega Mar&#xED;a Arn&#xE1;ez Arce -- Ordenamiento jur&#xED;dico internacional, globalizaci&#xF3;n y crisis: propuesta de reflexi&#xF3;n desde la perspectiva actual de las funciones del Derecho internacional p&#xFA;blico / Jordi Bonet P&#xE9;rez -- El Derecho de la competencia ante la globalizaci&#xF3;n y la crisis  / Mar&#xED;a Pilar Canedo Arrillaga -- Las empresas transnacionales y su obligaci&#xF3;n de respetar los derechos humanos / Felipe G&#xF3;mez Isa -- La gesti&#xF3;n com&#xFA;n de la migraci&#xF3;n, desaf&#xED;o[s] para un Derecho europeo sin fronteras interiores / Mar&#xED;a Luisa S&#xE1;nchez Barrueco -- Los l&#xED;mites del Derecho frente a la econom&#xED;a ilimitada / Javier P&#xE9;rez Duarte -- Multiculturalidad y globalizaci&#xF3;n / Cristina Wojcik Radkowska -- La Universidad ante los retos del Derecho en un mundo global / Miren Iziar Basterretxea Moreno.</subfield>
  </datafield>
  <datafield tag="588" ind1="0" ind2=" ">
    <subfield code="a">Online resource; title from ePub and PDF title page (Digitalia, viewed Sept. 25, 2014)</subfield>
  </datafield>
  <datafield tag="650" ind1=" " ind2="0">
    <subfield code="a">Law and globalization.</subfield>
  </datafield>
  <datafield tag="655" ind1=" " ind2="0">
    <subfield code="a">Electronic books.</subfield>
  </datafield>
  <datafield tag="700" ind1="1" ind2=" ">
    <subfield code="a">G&#xF3;mez Isa, Felipe,</subfield>
    <subfield code="e">editor.</subfield>
  </datafield>
  <datafield tag="700" ind1="1" ind2=" ">
    <subfield code="a">Herr&#xE1;n Ortiz, Ana Isabel,</subfield>
    <subfield code="e">editor.</subfield>
  </datafield>
  <datafield tag="700" ind1="1" ind2=" ">
    <subfield code="a">Atxabal Rada, Alberto,</subfield>
    <subfield code="e">editor.</subfield>
  </datafield>
  <datafield tag="791" ind1="2" ind2=" ">
    <subfield code="a">Digitalia (Firm),</subfield>
    <subfield code="e">distributor.</subfield>
  </datafield>
  <datafield tag="793" ind1="0" ind2=" ">
    <subfield code="g">Digitalia eBook Collection:</subfield>
    <subfield code="a">Universidad de Deusto</subfield>
  </datafield>
  <datafield tag="830" ind1=" " ind2="0">
    <subfield code="a">Maior (Universidad de Deusto) ;</subfield>
    <subfield code="v">5.</subfield>
  </datafield>
  <datafield tag="856" ind1="4" ind2="0">
    <subfield code="3">Digitalia Hisp&#xE1;nica</subfield>
    <subfield code="u">https://www.digitaliapublishing.com/a/19223/</subfield>
  </datafield>
  <datafield tag="910" ind1=" " ind2=" ">
    <subfield code="a">Premium Collection: 2014</subfield>
  </datafield>
  <datafield tag="942" ind1=" " ind2=" ">
    <subfield code="c">RAA</subfield>
  </datafield>
  <datafield tag="952" ind1=" " ind2=" ">
    <subfield code="0">0</subfield>
    <subfield code="1">0</subfield>
    <subfield code="4">0</subfield>
    <subfield code="7">0</subfield>
    <subfield code="8">DEH</subfield>
    <subfield code="a">BD-UIN</subfield>
    <subfield code="b">BD-UIN</subfield>
    <subfield code="d">2025-04-25</subfield>
    <subfield code="l">0</subfield>
    <subfield code="r">2025-04-25</subfield>
    <subfield code="w">2025-04-25</subfield>
    <subfield code="y">RAA</subfield>
  </datafield>
  <datafield tag="999" ind1=" " ind2=" ">
    <subfield code="c">236346</subfield>
    <subfield code="d">236346</subfield>
  </datafield>
</record>
